| 000 | 03001nam a2200385 a 4500 | ||
|---|---|---|---|
| 003 | CHAP | ||
| 005 | 20230425184701.0 | ||
| 007 | ta | ||
| 008 | 230425s2019 ck ao||fr|||| 001 0 spa d | ||
| 020 | _a978-958-8779-06-5 | ||
| 040 |
_amxchpua _cCHAP _erda |
||
| 050 | 1 | 0 |
_aC RS160 _b.A43 2019 |
| 082 | 0 | 0 |
_aC 615.321 _bA43 2019 _220 |
| 100 | 1 |
_9186783 _aAlarcón Restrepo, John Jairo _eautor |
|
| 245 | 1 | 0 |
_aPlantas aromáticas y medicinales, enfermedades de importancia y sus usos terapéuticos : _bmedidas para la temporada invernal / _cJohn Jairo Alarcón Restrepo |
| 250 | _a1a edición | ||
| 264 |
_aColombia : _bInstituto Colombiano Agropecuario, _c2019 |
||
| 300 |
_a48 páginas : _bFotos |
||
| 336 |
_2rdacontent _atexto _btxt |
||
| 337 |
_2rdamedia _asin medio _bn |
||
| 338 |
_2rdacarrier _avolumen _bnc |
||
| 490 | 1 | _aLínea agrícola (ICA) | |
| 504 | _aBibliografía: páginas 47-48 | ||
| 520 | 2 | _aLa fuerte ola invernal asociada al fenómeno de la Niña ha ocasionado un régimen de lluvias excesivo que incrementa los contenidos de humedad en aire y suelo, y favorece la diseminación de plagas y enfermedades que afectan los distintos órganos de la planta (aéreos y subterráneos), reducen la calidad y el rendimiento de las cosechas y originan incrementos en los costos de producción por las medidas de manejo. Las lluvias excesivas contribuyen a que se genere un ambiente en el cual se limita la circulación de oxígeno en el suelo y se afecta la función radicular. En algunos casos, la planta se hace más vulnerable al ataque de plagas habitantes del suelo. Adicionalmente, algunos patógenos débiles o poco frecuentes pueden incrementar sus poblaciones, migrar o resurgir, causando daños mayores a los cultivos. La diversidad climática, la buena adaptación de las especies aromáticas, los bajos costos de producción y la demanda insatisfecha de los mercados han propiciado el establecimiento y el crecimiento de nuevas áreas de cultivo, pero, a la vez, se han venido incrementando los problemas fitosanitarios en las áreas de siembra debido al desconocimiento de los mismos y de su manejo. Para ayudar a los productores a controlar estas condiciones y optimizar sus cultivos durante la emergencia invernal, el ICA, en asocio con el Ministerio de Agricultura y Desarrollo Rural y Colombia Humanitaria, ha realizado esta cartilla que ofrece información general sobre el cultivo de plantas aromáticas y medicinales, las enfermedades y plagas que se han acentuado durante la ola invernal y una guía práctica para monitorearlas y controlarlas. | |
| 650 | 1 | 3 |
_9132618 _aFarmacognosia |
| 650 | 1 | 3 |
_9150663 _aFitoterapia |
| 650 | 1 | 3 |
_9149609 _aHierbas _xUso terapéutico |
| 650 | 1 | 0 |
_9150669 _aPlantas medicinales |
| 650 | 1 | 3 |
_9150667 _aPharmacognosy |
| 650 | 1 | 3 |
_9150668 _aPhytotherapy |
| 650 | 1 | 3 |
_9149608 _aHerbs _xTherapeutic use |
| 650 | 1 | 3 |
_9150666 _aMedicinal plants |
| 830 |
_aLínea agrícola (ICA) _9186785 |
||
| 942 |
_2ddc _cLibro |
||
| 999 |
_c218621 _d218621 |
||